[Event "Goodricke op 13th"]
[Site "Kolkata"]
[Date "2002.03.24"]
[Round "8"]
[White "Goloshchapov, Alexander"]
[Black "Fominyh, Alexander"]
[Result "1/2-1/2"]
[WhiteElo "2545"]
[BlackElo "2536"]
[Annotator "Ribli,Z"]
[PlyCount "151"]
[EventDate "2002.03.17"]
[EventType "swiss"]
[EventRounds "11"]
[EventCountry "IND"]
[SourceTitle "CBM 088"]
[Source "ChessBase"]
[SourceDate "2002.03.21"]
[SourceVersion "1"]
[SourceVersionDate "2002.03.21"]
[SourceQuality "1"]

1. e4 c5 2. Nf3 Nc6 3. d4 cxd4 4. Nxd4 Qc7 5. Nc3 e6 6. Be3 a6 7. Qd2 {Diese
aggressive Fortsetzung ist heutzutage sehr populär. In der Najdorf-Variante
ist dieser Aufbaue jedoch gefährlicher, denn in unserer Stellung hat Schwarz
mehr Möglichkeiten zu reagieren - er kann den Bf8 nach b4 entwickeln (wie in
unserer Partie), und er kann d7-d5 evtl. in einem Zug durchsetzen (oder den
Bauern auf d7 lassen).} Nf6 8. O-O-O (8. Bf4 e5 9. Nxc6 dxc6 10. Bg5 Be7 11. f3
Be6 12. Be3 O-O 13. Bd3 Rfd8 14. Qf2 c5 15. O-O b5 {0-1 Rodchenkov,V-Kuporosov,
V/Tula RUS 2002/(41)}) 8... Bb4 (8... b5 9. Nxc6 dxc6 10. f3 Be7 11. g4 e5 12.
h4 Be6 13. Bh3 Rd8 14. Qh2 Rxd1+ 15. Rxd1 O-O 16. g5 {1/2-1/2 Motylev,
A-Fominyh,A/Ubeda 2001/CBM 80 ext (41)}) 9. f3 Ne7 $5 {Dieser starke
positionelle Zug wurde von GM Andersson in die Turnierpraxis eingeführt.
Schwarz möchte anschließend auf c3 schlagen.} (9... b5 10. Bf4 Ne5 11. Nc6 $5)
10. a3 (10. Nde2 d5 $13) 10... Bxc3 11. Qxc3 Qxc3 12. bxc3 d5 {Das ist zur
Zeit das letzte Wort in der Theorie. Die Alternative 12...e5 kommt aber auch
stark in Betracht.} (12... e5 13. Nf5 Nxf5 14. exf5 b5 15. c4 d5 16. cxb5 axb5
17. Bxb5+ Bd7 18. Bxd7+ Kxd7 19. Rd3 d4 20. f4 Nd5 21. Bd2 f6 $44 {0-1 Narciso
Dublan,M-Andersson,U/Pamplona 2001 /CBM 87(35)}) 13. e5 Nd7 14. f4 {Diese
Stellung erinnert mich wegen der geschlossenen Zentrumsstellung an die
Französische Verteidigung. Weiß besitzt Raumvorteil und das Läuferpaar,
aufgrund des Doppelbauern hat er aber auch Schwächen am Damenflügel.} b6 {
[%mdl 32] Dieser Zug ist sicherer als der Springerzug 14...Nc5. Schwarz möchte
die Entwicklung entweder mit Bb7 beenden, oder 15...Nc5 vorbereiten.} (14...
Nc5 15. Nb5 axb5 16. Bxc5 Bd7 17. Kd2 Ra4 18. g3 Nc8 19. Rb1 b6 20. Bb4 Kd8 21.
Bd3 Na7 22. Rhf1 g6 23. h3 {1/2-1/2 Leko,P-Ljubojevic,L/Monaco MNC 2002/(42)})
(14... b5) 15. Bd3 Nc5 {Wegen des Zuges 14...b6 kann Weiß jetzt nicht 16.Nb5
spielen.} 16. Kd2 Kd7 {[%cal Gd7c7] Der König strebt nach c7, von wo aus er
den Pb6 verteidigen wird.} 17. Rb1 Kc7 18. Rb4 Bd7 $11 {Schwarz hat eine
bequeme Stellung erreicht.} 19. Rhb1 Rab8 20. Nf3 {Es droht 21.Bxc5 bxc5 22.
Rxb8 Rxb8 23.Rxb8 Kxb8 24,Bxa6 mit Bauerngewinn - denn auf 24...c4 kann Weiß
einfach 25.Nd4 antworten. Außerdem muss Schwarz mit 21.Bxc5 bxc5 22.Rxb8 Rxb8
23.Rxb8 Kxb8 24.Bxh7 rechnen.} Nc6 (20... a5 {Dieser Zug schwächt zwar das
Feld b5, aber das hat hier keine große Bedeutung.} 21. R4b2 Na4 22. Ra2 $11 (
22. Rb3 $11)) 21. Bxc5 (21. R4b2 Na4 $11) 21... bxc5 22. Rxb8 Nxb8 (22... Rxb8
$2 23. Rxb8 Nxb8 24. Bxh7 $16) 23. c4 h6 (23... d4 24. c3 dxc3+ 25. Kxc3 h6 $11
) 24. c3 Bc6 {[%cal Gc6g2] Der "französische" Läufer besetzt die große
Diagonale.} 25. Ke3 dxc4 26. Bxc4 Nd7 27. Bd3 (27. Bxa6 Ra8 $11 {[%cal Ra8a3]})
27... Nb6 {[%cal Rb6d5,Rd5c3,Rd5e3,Rd5f4] Droht 28...Nd5+.} 28. c4 {Dieser Zug
ist erzwungen, aber jetzt hängt der Pa6 nicht mehr, und das Feld d4 ist
geschwächt.} Rd8 (28... Bxf3 $1 29. Kxf3 Rd8 $11 {[%csl Yd4][%cal Gd8d4]}) 29.
Nd2 f5 $6 {Schwarz beraubt Weiß des Feldes e4, schafft sich damit aber
Schwächen in seiner Bauernstruktur..} (29... Bxg2 $2 30. Rg1 $16) (29... Rd4
$11) 30. exf6 gxf6 31. g4 $1 {[%csl Gf4,Gg4]} Rg8 32. Rg1 Nd7 33. h4 {[%cal
Gg4g5] Schwarz muss mit g5 rechnen. Mit diesem Zug kann sich Weiß einen
entfernten Freibauern bilden.} Kd6 34. Be4 $5 (34. Ne4+ Ke7 $14) 34... Bxe4 35.
Nxe4+ $14 Ke7 36. g5 {[%csl Gg5]} fxg5 (36... hxg5 37. fxg5 fxg5 38. Rxg5 Rxg5
39. hxg5 $14 {Aufgrund des entfernten weißen Freibauern ist die Stellung als
besser für den Anziehenden einzuschätzen. Angesichts des reduzierten Materials
hat Schwarz aber gute Remischancen.}) 37. fxg5 Ne5 38. Nd2 (38. Nxc5 Nxc4+ $11)
38... h5 $6 (38... hxg5 39. Rxg5 $14) 39. Rb1 {[%csl Gb1][%cal Gb1b7,Gb7e7]}
Rd8 40. Rb7+ Kf8 (40... Rd7 41. Rb8 $14 (41. Rb6 $14)) 41. Rb6 Rd4 {[%cal
Rd4c4,Rd4h4]} 42. Rxe6 Nxc4+ 43. Nxc4 Rxc4 {[%mdl 4096]} 44. Re4 (44. Rxa6 Rxh4
$11) 44... Rc3+ (44... Rxe4+ $4 45. Kxe4 $18 {Dank des gedeckten Freibauern
auf g5 gewinnt Weiß leicht.}) 45. Kf4 Kf7 (45... Rxa3 46. Kf5 $16 {[%cal Rf5g6,
Rg6h5]} (46. g6 Kg7 47. Kg5 Rg3+ 48. Kxh5 Rxg6 $11)) 46. Ra4 Rh3 47. Kf5 (47.
Rxa6 $1 Rxh4+ 48. Kf5 $16 {Das Material ist reduziert, aber Weiß verfügt über
gute Koordination - sein König und sein Turm stehen aktiv, und der Pg5 ist
stark.}) 47... Rf3+ 48. Ke5 Rh3 49. Kf5 Rf3+ 50. Ke5 Rh3 51. Rf4+ {Weiß muss
der Zugwiederholung ausweichen - nach 51.Rf5 könnte Schwarz Remis wegen
dreimaliger Zugwiederholung reklamieren.} Kg7 52. a4 Rb3 (52... Rg3 53. Kd5 Rg4
54. Rc4 $16) 53. Kd5 a5 (53... Rb4 54. Rc4 $1 $16 (54. Rxb4 cxb4 55. Kc4 a5 $11
)) 54. Kxc5 $16 {Weiß hat einen Bauern mehr und gute Gewinnchancen.
Andererseits ist das Material bereits stark reduziert, und in Turmendspielen
gibt es generell eine große Remisbreite.} Rb1 {[%cal Gb1b8] Der weiße König
ist von der b- Linie abgeschnitten.} 55. Kd5 Rd1+ 56. Rd4 Rc1 57. Re4 Rd1+ 58.
Ke5 Kg6 59. Rf4 Kg7 60. Rd4 Re1+ 61. Kd6 Kf7 62. Rc4 Rd1+ 63. Kc5 Rb1 {
Inzwischen sind neun Züge gespielt geworden, aber im Grunde haben wir dieselbe
Stellung vor uns wie nach 54...Rb1. Der einzige Unterschied besteht in der
Platzierung des weißen Turms (steht auf c4 statt auf f4) und des schwarzen
Königs (steht auf f7 statt auf g7)..} 64. Rf4+ Kg7 65. Kd6 Rd1+ 66. Kc6 Rb1 67.
Kd5 Rd1+ 68. Ke4 Rb1 69. Kf5 Rc1 70. Re4 Rf1+ 71. Ke6 Rd1 72. Re5 {Endlich
geht Weiß einen Schritt voran.} Rd4 {[%cal Rd4a4,Rd4h4]} 73. Kf5 Rxa4 (73...
Rxh4 74. Rxa5 $16) 74. Re7+ Kf8 75. Ra7 Rxh4 76. Kg6 {[%csl Gg6] Es gibt zwar
nur noch wenig Material auf dem Brett, aber Weiß hat hier aufgrund seiner
Aktivität noch Gewinnchancen. Mir ist nicht klar, warum die Partie an dieser
Stelle Remis gegeben wurde.} (76. Kg6 Rg4 (76... Re4 $2 77. Ra8+ Re8 78. Rxe8+
Kxe8 79. Kh7 h4 80. g6 h3 81. g7 h2 82. g8=Q+ $18) 77. Ra8+ Ke7 78. Kxh5 $16)
1/2-1/2

[Event "Swidnica"]
[Site "Swidnica"]
[Date "1999.03.27"]
[Round "4"]
[White "Zezulkin, Jurij"]
[Black "Yakovich, Yuri"]
[Result "1/2-1/2"]
[WhiteElo "2473"]
[BlackElo "2565"]
[Annotator "Ribli,Z"]
[PlyCount "133"]
[EventDate "1999.03.??"]
[EventType "tourn"]
[EventRounds "9"]
[EventCountry "POL"]
[EventCategory "10"]
[SourceTitle "CBM 071"]
[Source "ChessBase"]
[SourceDate "1999.08.01"]
[SourceVersion "1"]
[SourceVersionDate "1999.08.01"]
[SourceQuality "1"]

{[%mdl 32]} 1. e4 {Hecht} c5 2. Nf3 Nc6 3. d4 cxd4 4. Nxd4 Qc7 {Früher spielte
Grosßmeister Yakovich die Sweschnikov-Variante. Ribli.} 5. Nc3 (5. c4 $2 {
Das ist ein bekannter theoretische Fehler, aber der Zug c2-c4 ist in anderen
Varianten normal.} Qe5 $17 {[%csl Re4,Ge5]}) 5... e6 6. Be3 a6 7. Bd3 b5 {
Dieser Zug ist weniger populär als das traditionelle 7...Nf6, aber nicht
schlechter.} 8. O-O Bb7 9. Kh1 {Ein üblicher prophylaktischer Zug.} Nf6 10. Qe2
{In der zweiten Runde des selben Turniers spielte Gritsak gegen Zezulkin den
Zug 10...h5 und die Partie endete Remis nach 24 Zügen. Möglicherweise
verbesserte Zezulkin das weiße Spiel.} b4 {Schwarz gewinnt Raum und verjagt
den c3-Springer.} (10... Nxd4 11. Bxd4 e5 12. Nd5 Nxd5 (12... Qd6 13. Nxf6+
Qxf6 14. Bc3 b4 15. Bd2 Bd6 16. c3 Qe7 17. Bc4 {1-0 Suetin,A-Doda,Z/Leningrad
1967/EXT 97 (43)}) 13. exd5 d6 14. f4 Bxd5 15. fxe5 Be6 16. exd6 Bxd6 17. Bxg7
Rg8 18. Bf6 {1-0 Sorsa Nuutti-Ojanen Jyrki/Naantali ch FIN op 1997 (26)}) 11.
Nb1 $146 {Auf ersten Blick ein passiver Zug. In Wirklichkeit strebt der
Springer nach c4. Nach 11.Na4 kann Schwarz 11...d5 ziehen und der Springer
steht unglücklich in der a-Linie.} (11. Na4 d5 12. Nxc6 (12. f3 Ne5 13. f4 dxe4
14. fxe5 exd3 15. Qxd3 Qxe5 16. Rae1 Rd8 17. c4 bxc3 18. Nxc3 Bc5 19. Bg1 Qg5 {
0-1 Forster,R-Gofshtein,L/Isle of Man op 1996/EXT 96op2 (28)}) 12... dxe4 $5 {
Ein interessanter Zwischenzug.} 13. Nd4 exd3 14. cxd3 Be7 15. Rac1 Qa5 16. b3
O-O 17. Nc6 Bxc6 18. Rxc6 Qf5 19. Rfc1 Nd5 20. Nb6 Rad8 21. Nxd5 Rxd5 22. Rxa6
Rxd3 23. Qf3 Rfd8 24. h3 Qxf3 {1/2-1/2 Korneev,O-Poluljahov,A/St. Petersburg
1998/CBM 67_05 (24)}) 11... Nxd4 {Schwarz hat keine Angst vor Komplikationen
und nimmt die Herausforderung an.} (11... d5 $5 12. Nd2 Be7 $11 {Schwarz hat
keine Eröffnungsprobleme. Im folgenden kann er ruhig rochieren und eine
ausgegleichene Stellung erreichen.} (12... Nxd4 13. Bxd4 dxe4 (13... e5 $2 14.
exd5 {[%csl Re8][%cal Re2e8]}) 14. Nxe4 Nd5 $13)) 12. Bxd4 e5 13. Be3 Nxe4 14.
Bf4 $1 d5 (14... f5 15. f3 d5 (15... exf4 16. fxe4 fxe4 17. Bxe4 $14) 16. fxe4
dxe4 17. Bg3 exd3 18. cxd3 $13) (14... exf4 15. Bxe4 Qe5 {[%cal Ge5e2]} 16. Re1
(16. Nd2 $2 d5 17. Bf3 Qxe2 18. Bxe2 Rc8 $15) 16... Bxe4 17. Qxe4 Qxe4 18.
Rxe4+ Be7 19. Nd2 {[%cal Ra1e1,Re1e7]} d5 20. Rxf4 $11) 15. f3 exf4 (15... f5
16. fxe4 dxe4 17. Bg3 exd3 18. cxd3 $13) 16. fxe4 dxe4 (16... d4 17. Qf2 $11 {
[%cal Rf2f4,Rf2d4]}) (16... Qe5 17. exd5 Qxe2 18. Bxe2 Bxd5 19. Rxf4 Rc8 20.
Bd3 $11) 17. Bxe4 (17. Nd2 $2 e3 $17) 17... Be7 (17... Qe7 18. Nd2 $1 (18. Re1
Bxe4 19. Qxe4 Qxe4 20. Rxe4+ Be7 $11) 18... f5 $2 19. Bxb7 Qxe2 20. Rae1 $18 {
[%cal Re1e2,Rb7a8]}) 18. Bxb7 (18. Re1 Rb8 (18... Bxe4 19. Qxe4 Ra7 20. Qxb4
O-O $11) 19. Bxb7 Rxb7 $15) 18... Qxb7 19. Rxf4 O-O $11 {Nach Komplikationen
ist eine ruhige Stellung entstanden. Schwarz hat seine Entwicklung beendet,
sein b4-Bauer ist stark und unangenehm für Weiß. Anderseits kann Weiß mit dem
Springer das Feld c4 besetzen.} 20. Nd2 {[%csl Yc4][%cal Gd2c4]} Bg5 21. Rg4
Bf6 (21... Bxd2 22. Qxd2 $11) 22. Nc4 {[%csl Gc4]} Rfe8 23. Qf2 Re6 {[%cal
Ga8e8,Ge8e1] Schwarz hat lebendiges Figurenspie. Er möchte die e-Linie
besetzen. Der weiße Springer steht schön auf c4, aber es ist schwierig für
Weiß, einen aktiven Plan zu finden.} 24. Rf1 Rae8 $15 25. h3 Kh8 (25... h5 $5
$15 {[%cal Gh5h4] Auf diese Weise kann Schwarz mit Tempo Raum gewinnen und
nach ...h4 ist die weiße Königsstellung angreifbar.}) 26. b3 h6 (26... Re2 27.
Qg3 {[%cal Rc4d6,Rd6b7,Rd6e8]}) 27. Rf4 Re2 {[%cal Re2a2,Re2g2] Das scheint
gefährlich, aber Weiß kommt zu Gegenspiel.} 28. Qg3 {[%cal Rc4d6,Rd6b7,Rd6e8]}
Qc7 29. Qd3 Re1 (29... R8e6 $5 $15 {Ich glaube, es wäre besser, die Spannung
zu halten.}) 30. Rxe1 Rxe1+ 31. Rf1 Qe7 (31... Rxf1+ 32. Qxf1 Qg3 $15) 32. Kg1
(32. Rxe1 Qxe1+ 33. Kh2 $15 {Das führt zur Partiefortsetzung.}) 32... Qc5+ (
32... Rxf1+ 33. Kxf1 $15) 33. Kh1 Qf2 {Nach diesem Zug muß Weiß selbst
tauschen.} 34. Rxe1 Qxe1+ 35. Kh2 g6 {Schwarz hat Vorteil, denn die weißen
Bauern sind blockiert und Schwarz hat aktives Spiel. Anderseits ist die
schwarze Mehrheit am Königsflügel schwer zu mobilisieren.} 36. Qe3 Qh4 {
Schwarz muß die Damen auf dem Brett behalten.} (36... Qxe3 $6 37. Nxe3 $11) 37.
Nd6 {[%csl Gd6] Endlich aktiviert Weiß den Springer.} Kg7 38. Ne8+ Kh7 39.
Nxf6+ Qxf6 {In diesem Endspiel ist Remis sehr wahrscheinlich, aber Schwarz hat
mikroskopischen Vorteil wegen des blockierten weißen Damenflügels.} 40. Qe4
Qd6+ {Die Zentralisierung ist sehr wichtig in Damenendspielen.} (40... a5 41.
Qd5 $11) 41. Kg1 Qc5+ 42. Kf1 Kg7 43. Ke2 a5 44. Kd2 f5 {Schwarz kommt mit
seiner Königsflügelmehrheit.} 45. Qd3 Qc6 {[%cal Rc6g2]} 46. Qd4+ Kf7 47. Kd3
g5 {Schwarz ist nicht zufrieden mit der Punkteteilung und nimmt daher nicht
auf g2.} (47... Qxg2 $6 48. Qd7+ Kf6 49. Qd8+ $11 {Weiß gibt Dauerschach.}) 48.
Qe5 f4 (48... Qxg2 49. Qxf5+ Kg7 50. Qd7+ Kg6 51. Qe8+ $11) 49. Qf5+ Kg7 50.
Qe5+ Kg6 51. h4 (51. Qe4+ $2 Qxe4+ 52. Kxe4 Kh5 53. Kf3 (53. c4 bxc3 54. Kd3
Kh4 55. a3 Kg3 56. b4 axb4 57. axb4 Kxg2 58. b5 f3 59. b6 f2 60. b7 f1=Q+ $19)
53... Kh4 $19) 51... Kh5 $6 (51... gxh4 $5 52. Qxf4 Qc3+ $17 {Und Schwarz
gewinnt den c-Bauern mit Schach.}) 52. hxg5 hxg5 53. Qh8+ Qh6 (53... Kg4 $4 54.
Qh3#) 54. Qxh6+ (54. Qe8+ Qg6+ 55. Qxg6+ Kxg6 56. c4 bxc3 57. Kxc3 Kh5 {
Wir haben die Partiestellung.}) 54... Kxh6 {Hecht: '[#] Die verteilten
Bauernmehrheiten erlauben Schwarz den Übergang in das Endspiel "Dame vs Dame +
g-Bauer".'} 55. c4 bxc3 56. Kxc3 Kh5 $5 (56... g4 $6 57. Kd3 Kg5 58. Ke4 f3 59.
Ke3 (59. gxf3 g3 $19) 59... fxg2 (59... Kh4 60. Kf2 $11) 60. Kf2 $11) 57. a3 $2
{Ein Fehler in einem einfachen Endspiel. Es wäre besser, mit dem König zum
Königsflügel zu laufen.} (57. Kd3 Kg4 58. Ke2 Kg3 (58... Kf5 59. a3 $11) 59.
Kf1 $11) (57. b4 $2 axb4+ 58. Kxb4 g4 $19) 57... Kg4 58. b4 axb4+ 59. axb4 Kg3
60. b5 Kxg2 61. b6 f3 62. b7 f2 63. b8=Q f1=Q {Nach 57.a3? war dieses Endspiel
forciert. Der schwarze Freibauer steht noch hinten, aber er hat Gewinnchancen.
Hecht: '[#] Laut ENDSPIEL-CD ist dieses Endspiel für Schwarz gewonnen. Grund:
Weiß gelangt mit seinem König nicht rechtzeitig in die Nord-West-Ecke (also
Richtung a8), denn Kd4 scheitert am Damentausch auf f4. '} 64. Qg8 (64. Qe8 {
Hecht} g4 65. Kb4 g3 66. Ka5 Qf5+ 67. Ka6 Kf2 68. Qd8 g2 69. Qd2+ Kg3 70. Qe1+
Kh3 71. Qe3+ Kh4 72. Qh6+ Kg4 73. Qg7+ Qg5 74. Qd4+ Kh5 $19 {wegen der Drohung
g1D und den Gegenschachmöglichkeiten längs der 6. Reihe.} 75. Qd1+ Kh6 76. Qg1
Kg6 77. Ka7 Kg7 78. Qd4+ Kg8 79. Qg1 Qa5+ 80. Kb7 Qb5+ 81. Ka8 Qf1 {ist eine
der Gewinnmöglichkeiten laut ENDSPIEL-CD. Schauen Sie bitte ebenfalls dort
vorbei!}) 64... Qf3+ {[%mdl 20480] '?' Hecht. Hecht: 'Ein schnelles Schach -
und schon ist das Endspiel remis. Richtig war hier Df4, um den weißen König in
südlichen Gefilden festzuhalten, um so besser zu Gegenschachs zu kommen. '} 65.
Kb4 {'=' Hecht. Hecht: 'laut ENDSPIEL-CD'} g4 (65... Qf5 {Hecht} 66. Qa2+ Kh3
67. Qb3+ Kh4 68. Qb2 g4 69. Qh8+ Kg3 70. Qc3+ Kh2 71. Qd2+ Kh3 72. Qh6+ $11)
66. Qa2+ Qf2 67. Qd5+ {In dieser Stellung wurde Remis vereinbart. Meines
Erachtens ist der Friedensschluß zu früh und unverständlich, denn Schwarz hat
mit dem g-Bauern praktische Gewinnchancen.} (67. Qd5+ Kg3 $17 (67... Kh2 {Hecht
} 68. Qh5+ {Oder auch Dd6+, De5+ bzw. Ka5/Kb5.} Kg3 69. Ka5 $11)) 1/2-1/2